| LEADER 00000nam 2200000uu 4500 |
| 001 210579 |
| 003 ULIBM |
| 008 020711s2556 th a 000 0 tha d |
| 020 978-616-91446-3-2
|
| 041 ^atha^beng
|
| 060 4 WY 19 ค695 2556
|
| 245 คู่มือการรับรองสถาบันการศึกษาวิชาการพยาบาลและการผดุงครรภ์ สำหรับสถาบันการศึกษาที่มีผู้สำเร็จการศึกษาหลักสูตรพยาบาลศาสตรบัณฑิต พ.ศ.2556/^cบรรณาธิการ,สุปราณี เสนาดิสัย.
|
| 250 พิมพ์ครั้งที่ 1
|
| 260 นนทบุรี :^bบริษัทจุดทอง จำกัด,^c2556
|
| 300 90 หน้า :^bตาราง ;^c26 ซม.
|
| 650 4 การพยาบาล^xคู่มือ
|
| 650 4 ^aการรับรองสถาบัน^xพยาบาล^xคู่มือ
|
| 700 0 ^aสุปราณี เสนาดิสัย,^eบรรณาธิการ
|
| 710 2 ^aสภาการพยาบาล
|
| 999 ^aใช้งานได้ทุกระบบ
|